000
00318nam a2200121Ia 4500
005
20251222143202.0
008
251222s9999||||xx |||||||||||||| ||spa||
082
_a
371.2/A97
100
_a
Aziani, Andrés
245
0
_a
Gestión Educativa II
264
_b
Universidad Particular '' Marcelino Champagnat''
942
_c
LIB
999
_c
13124
_d
13124